Catálogo
 En Linea

Perfectly clear : (Registro nro. 19474)

Detalles MARC
000 -CABECERA
campo de control de longitud fija 00675cam a2200205 a 4500
001 - NÚMERO DE CONTROL
campo de control 000019961
005 - FECHA Y HORA DE LA ÚLTIMA TRANSACCIÓN
campo de control 20200929170216.0
008 - DATOS DE LONGITUD FIJA--INFORMACIÓN GENERAL
campo de control de longitud fija 740114s1973 nyu 001 0beng d
040 ## - FUENTE DE LA CATALOGACIÓN
Centro catalogador/agencia de origen DO-SdBNP
Lengua de catalogación eng
Centro/agencia transcriptor LC
Centro/agencia modificador BNPHU
050 00 - SIGNATURA TOPOGRÁFICA DE LA BIBLIOTECA DEL CONGRESO
Número de clasificación E856
Número de documento/Ítem .M26 1973
082 ## - NÚMERO DE LA CLASIFICACIÓN DECIMAL DEWEY
Número de clasificación nn*
Número de documento/Ítem M278p
049 ## - FONDOS LOCALES (OCLC)
Fondos de biblioteca BNGR
100 1# - ENTRADA PRINCIPAL--NOMBRE DE PERSONA
Nombre de persona Mankiewicz, Frank,
Fechas asociadas al nombre 1924-
9 (RLIN) 42565
245 10 - MENCIÓN DE TÍTULO
Título Perfectly clear :
Resto del título Nixon from Whittier to Watergate /
Mención de responsabilidad, etc. Frank Mankiewicz.
260 ## - PUBLICACIÓN, DISTRIBUCIÓN, ETC.
Lugar de publicación, distribución, etc. [New York] :
Nombre del editor, distribuidor, etc. Quadrangle,
Fecha de publicación, distribución, etc. 1973.
300 ## - DESCRIPCIÓN FÍSICA
Extensión xiii, 239 p. ;
Dimensiones 24 cm.
600 10 - PUNTO DE ACCESO ADICIONAL DE MATERIA--NOMBRE DE PERSONA
Nombre de persona Nixon, Richard M.
Forma completa/desarrollada del nombre (Richard Milhous),
Fechas asociadas al nombre 1913-1994.
9 (RLIN) 42566
650 #0 - PUNTO DE ACCESO ADICIONAL DE MATERIA--TÉRMINO DE MATERIA
Término de materia o nombre geográfico como elemento de entrada Watergate affair, 1972-1974.
9 (RLIN) 42567
910 ## - DATOS DE OPCIÓN DEL USUARIO (OCLC)
Datos de opción del usuario Catalogación derivada / LC
Existencias
Estado de retiro Estado de pérdida Restricciones de uso No para préstamo Código de colección Localización permanente Ubicación/localización actual Ubicación en estantería Fecha de adquisición Número de inventario Total de préstamos Signatura topográfica completa Código de barras Fecha visto por última vez Precio válido a partir de Tipo de ítem Koha
        Monografías: Libros y Folletos General General En catalogación 09.07.2010 LF1   nn* M278p 19961-10 25.06.2020 25.06.2020 Préstamo en sala

Con tecnología Koha